000 00788nam a2200217Ia 4500
001 12355
003 GE_BSU
008 181216s||||||||xx |||||||||||||| ||und||
040 _cGE_BSU
080 _a638.15
100 _aმათეშვილი,მ.ი.
245 _aფუტკრის დაავადებანი და მათთან ბრძოლა.(სიტამპლეები).
245 _cრედ:კ.ჩიხლაძე.
260 _aთბილისი.
260 _bსახელგამი.
260 _c1955
300 _a56გვ;20სმ.
300 _bილ.
653 _aფუტკრის დაავადებანი და მათთან ბრძოლა.(სიტამპლეები).
942 _cBK
999 _c45530
_d45530